Faster building for industry (Record no. 95532)

MARC details
000 -LEADER
fixed length control field 00435cam a2200181 4500
001 - CONTROL NUMBER
control field D3329
008 - FIXED-LENGTH DATA ELEMENTS--GENERAL INFORMATION
fixed length control field 090401t1983 xxu||||| |||| 00| 0 eng d
035 ## - SYSTEM CONTROL NUMBER
System control number (Sirsi) u72808
041 ## - LANGUAGE CODE
Language code of text/sound track or separate title eng
050 ## - LIBRARY OF CONGRESS CALL NUMBER
Classification number 690.54
110 ## - MAIN ENTRY--CORPORATE NAME
Corporate name or jurisdiction name as entry element Economic Development Committee for Building
9 (RLIN) 50
245 ## - TITLE STATEMENT
Title Faster building for industry
260 ## - PUBLICATION, DISTRIBUTION, ETC.
Place of publication, distribution, etc. London
Name of publisher, distributor, etc. HMSO
Date of publication, distribution, etc. 1983
300 ## - PHYSICAL DESCRIPTION
Extent 107p. 30cm
350 ## - PRICE (NR) (BK AM CF MU VM SE) [OBSOLETE]
Price 12
942 ## - ADDED ENTRY ELEMENTS (KOHA)
Suppress in OPAC 0
948 ## - LOCAL PROCESSING INFORMATION (OCLC); SERIES PART DESIGNATOR (RLIN)
c (OCLC) 04/03/1997
Holdings
Withdrawn status Lost status Source of classification or shelving scheme Damaged status Not for loan Home library Current library Shelving location Date acquired Cost, normal purchase price Total Checkouts Full call number Barcode Date last seen Date last checked out Copy number Cost, replacement price Price effective from Koha item type
    Dewey Decimal Classification     London London Basement 14/09/1999 12.00 7 BASEMENT 30021243 06/08/2019 10/02/2009 2 12.00 06/08/2019 Book